00456 2200181 4500001002100000008004100021035002000062245003600082100001500118260003700133300002000170020002200190084001400212082000800226650001000234990001500244990001500259INLIS000000000003192 ind  a0010-1225000013 aHarga Sebuah PercayacTere Liye aLiye, Tere aDepok :bPT Sabak Grip Nusantara a280c13,5x20 cm a978-623-96074-5-6 a813 LIY h a813 aFiksi a19616/B/26 a19617/B/26